| 000 | 00812nam a22002297a 4500 | ||
|---|---|---|---|
| 005 | 2012082700240.0 | ||
| 008 | 120827t xxu||||| |||| 00| 0 eng d | ||
| 010 | _aENG-105636 | ||
| 020 |
_a9788120346413 _c375.00 |
||
| 035 | _aEN-89169 | ||
| 037 | _bDBAD/PUB | ||
| 040 |
_aDPL _bEng |
||
| 082 | _a333.95 | ||
| 100 |
_951282 _aSulphey, M.M. |
||
| 245 |
_aIntroduction to environment management / _cby M.M. Sulphey |
||
| 260 |
_aNew Delhi _bPHI Learning _c2012 |
||
| 270 |
_aM-97, Connaught Circus _bNew Delhi _e110001 |
||
| 300 |
_axvi,364p. : _c24cm(pbk) _bill. |
||
| 500 | _aIncludes index | ||
| 942 |
_2ddc _cEN _mSUL _h333.95 |
||
| 999 |
_c69315 _d69315 |
||